000 00848nam a2200265Ia 4500
003 OSt
005 20221005101006.0
006 a|||||r|||| 00| 0
007 ta
008 221004b |||||||| |||| 00| 0 eng d
020 _a9781409470717 (hbk)
_c9206.45
024 _a25866
037 _b1234, 15/03/2016, Selectbook Service Syndicate
_cTextual
040 _aCRL
_cCRL
_beng
041 _2eng
_aeng
082 _aZ:(R), Q3
100 _aGavrielides Theo Ed.
_9621654
245 0 _aReconstructing restorative justice philosophy
260 _aSurrey
_bAshgate UK
_c2013
300 _ax, 362p.
_ccm.
650 _aLAW
700 _a Artinopoulou Vasso Ed.
_9621655
942 _hZ:(R), Q3
_cTEXL
_2cc
999 _c1006075
_d1006075